<?xml version="1.0" encoding="UTF-8"?>
<collection xmlns="http://www.loc.gov/MARC21/slim">
 <record>
  <leader>01102oam2a2200301   4500</leader>
  <controlfield tag="001">in00000003236</controlfield>
  <controlfield tag="005">20230113102304.7</controlfield>
  <datafield tag="010" ind1=" " ind2=" ">
   <subfield code="a">978-7-115-28148-7</subfield>
   <subfield code="d">CNY109.00</subfield>
  </datafield>
  <datafield tag="035" ind1=" " ind2=" ">
   <subfield code="a">012012237486</subfield>
  </datafield>
  <datafield tag="100" ind1=" " ind2=" ">
   <subfield code="a">20121021d2012    em y0chiy50      ea</subfield>
  </datafield>
  <datafield tag="101" ind1="1" ind2=" ">
   <subfield code="a">chi</subfield>
   <subfield code="c">eng</subfield>
  </datafield>
  <datafield tag="102" ind1=" " ind2=" ">
   <subfield code="a">CN</subfield>
   <subfield code="b">110000</subfield>
  </datafield>
  <datafield tag="105" ind1=" " ind2=" ">
   <subfield code="a">ak  z   001yy</subfield>
  </datafield>
  <datafield tag="106" ind1=" " ind2=" ">
   <subfield code="a">r</subfield>
  </datafield>
  <datafield tag="200" ind1="1" ind2=" ">
   <subfield code="a">HTTP权威指南</subfield>
   <subfield code="9">http quan wei zhi nan</subfield>
   <subfield code="d">HTTP: the definitive guide</subfield>
   <subfield code="f">(美) David Gourley ... [等]著</subfield>
   <subfield code="g">陈涓, 赵振平译</subfield>
   <subfield code="z">eng</subfield>
  </datafield>
  <datafield tag="210" ind1=" " ind2=" ">
   <subfield code="a">北京</subfield>
   <subfield code="c">人民邮电出版社</subfield>
   <subfield code="d">2012</subfield>
  </datafield>
  <datafield tag="215" ind1=" " ind2=" ">
   <subfield code="a">16, 694页</subfield>
   <subfield code="c">图</subfield>
   <subfield code="d">24cm</subfield>
  </datafield>
  <datafield tag="225" ind1="2" ind2=" ">
   <subfield code="a">图灵程序设计丛书</subfield>
   <subfield code="9">tu ling cheng xu she ji cong shu</subfield>
  </datafield>
  <datafield tag="314" ind1=" " ind2=" ">
   <subfield code="a">责任者规范汉译姓: 古尔利</subfield>
  </datafield>
  <datafield tag="320" ind1=" " ind2=" ">
   <subfield code="a">有索引</subfield>
  </datafield>
  <datafield tag="461" ind1=" " ind2="0">
   <subfield code="1">2001 </subfield>
   <subfield code="a">图灵程序设计丛书</subfield>
  </datafield>
  <datafield tag="510" ind1="1" ind2=" ">
   <subfield code="a">HTTP: the definitive guide</subfield>
   <subfield code="z">eng</subfield>
  </datafield>
  <datafield tag="606" ind1="0" ind2=" ">
   <subfield code="a">计算机网络</subfield>
   <subfield code="x">通信协议</subfield>
  </datafield>
  <datafield tag="690" ind1=" " ind2=" ">
   <subfield code="a">TN915.04</subfield>
   <subfield code="v">4</subfield>
  </datafield>
  <datafield tag="701" ind1=" " ind2="1">
   <subfield code="a">古尔利</subfield>
   <subfield code="9">gu er li</subfield>
   <subfield code="g">(Gourley, David)</subfield>
   <subfield code="4">著</subfield>
  </datafield>
  <datafield tag="702" ind1=" " ind2="0">
   <subfield code="a">陈涓</subfield>
   <subfield code="9">chen juan</subfield>
   <subfield code="4">译</subfield>
  </datafield>
  <datafield tag="702" ind1=" " ind2="0">
   <subfield code="a">赵振平</subfield>
   <subfield code="9">zhao zhen ping</subfield>
   <subfield code="4">译</subfield>
  </datafield>
  <datafield tag="999" ind1="f" ind2="f">
   <subfield code="s">019c3a8b-8d05-47f5-97f4-f20dea09d839</subfield>
   <subfield code="i">e26ea9ac-bde2-4f2d-a64f-aef73476dbfd</subfield>
  </datafield>
 </record>
</collection>
